000 00497nam a2200169Ia 4500
005 20250423101632.0
008 250422s9999 xx 000 0 und d
020 _a1854311913
100 _aClinch, Peter
245 0 _aUsing a law library : a student's guide to legal research skills
260 _aLondon
260 _b Blackstone Press
260 _c1992
300 _a252 p
650 _aLegal research--Great Britain. Legal research--European Economic Community countries.
942 _cBK
999 _c36826
_d36826